000 00260nam a22001097a 4500
008 170123b xxu||||| |||| 00| 0 eng d
020 _a9781416069980
041 _aeng
080 _23RD
_a618.2
245 _aMATERNAL-CHILD NURSING
_cMCKINNEY,E.S
942 _2udc
_cBK
999 _c3404
_d3404